00861nam a22001457a 4500008004100000020001800041050001600059100002700075245005800102250001800160260006500178300001700243505043100260650002400691190904s 2011mx 001 0 spa d a9786074960136 aPQ7297bP34 aPacheco, José Emilio aLas Batallas en el Desiertoc / José Emilio Pacheco a1a. edición aMéxicob : Secretaría de Educación Pública c , 2011 a62 páginas aCapítulo 1. El mundo antiguo. Capítulo 2. Los desastres de la guerra. Capítulo 3. Alí Babá y los cuarenta ladrones Capítulo 4. Lugar de enmedio. Capítulo 5. Por hondo que sea el mar profundo. Capítulo 6. Obsesión. Capítulo 7. Hoy como nunca. Capítulo 8. Príncipe de este mundo. Capítulo 9. Inglés obligatorio. Capítulo 10. La lluvia de fuego. Capítulo 11. Espectros. Capítulo 12. Colonia Roma 0aLITERATURA MEXICANA